000
00291nam a2200121Ia 4500
008
220216s9999 xx 000 0 und d
100
_a
Jayakumar K.G
245
0
_a
Agasthya vanathil rubber vasantham
260
_b
Rubber
_c
2021
300
_a
14-Dec
650
_a
Agasthya vanam
942
_c
JS
999
_c
53922
_d
53922